| Tag |
First Indicator |
Second Indicator |
Subfields |
| LEADER |
00000cam a2200000 4500 |
| 001 |
in00000045909 |
| 005 |
20151007065230.0 |
| 008 |
770518s1930 pauf 00010 eng |
| 010 |
|
|
|a 30033596
|
| 035 |
|
|
|a (OCoLC)02976055
|
| 035 |
|
|
|9 AAE1560AM
|
| 040 |
|
|
|a DLC
|c DMM
|d OCL
|d TXA
|d UtOrBLW
|
| 049 |
|
|
|a TXAM
|c [128094]
|
| 050 |
0 |
0 |
|a QH105.P4
|b W4
|
| 051 |
|
|
|a F158.68.W8
|b W54
|c Copy 2.
|
| 082 |
0 |
|
|a 570.97481
|
| 092 |
|
|
|a 570
|b W547w
|
| 100 |
1 |
|
|a Weygandt, Cornelius,
|d 1871-1957.
|
| 245 |
1 |
4 |
|a The Wissahickon hills ;
|b memories of leisure hours out of doors in an old countryside /
|c by Cornelius Weygandt.
|
| 264 |
|
1 |
|a Philadelphia :
|b University of Pennsylvania press,
|c 1930.
|
| 300 |
|
|
|a viii, pages 1 leaf, 366 pages :
|b frontispiece, plates. ;
|c 24 cm.
|
| 336 |
|
|
|a text
|b txt
|2 rdacontent
|
| 337 |
|
|
|a unmediated
|b n
|2 rdamedia
|
| 338 |
|
|
|a volume
|b nc
|2 rdacarrier
|
| 650 |
|
0 |
|a Natural history
|v Outdoor books.
|
| 650 |
|
0 |
|a Natural history
|z Pennsylvania.
|
| 650 |
|
0 |
|a Birds
|z Pennsylvania.
|
| 651 |
|
0 |
|a Wissahickon Creek.
|
| 999 |
|
|
|a MARS
|
| 999 |
f |
f |
|s 6f3e412a-e34d-3416-9f06-b213ff1393c8
|i 46279acf-c267-3174-8a23-13b9af2a2362
|t 0
|
| 952 |
f |
f |
|p ric
|a Texas A&M University
|b Rellis Campus
|c Joint Library Facility
|d Remote Storage
|t 0
|e QH105.P4 W4
|h Library of Congress classification
|i unmediated -- volume
|m A14800966229
|
| 998 |
f |
f |
|a QH105.P4 W4
|t 0
|l Remote Storage
|